| 000 | 01680cam a2200277zu 4500 | ||
|---|---|---|---|
| 001 | 10104004 | ||
| 003 | FRCYB10104004 | ||
| 005 | 20251020123500.0 | ||
| 006 | m o d | ||
| 007 | cr un | ||
| 008 | 251020s2005 fr | o|||||0|0|||fre d | ||
| 020 | _a9782847690354 | ||
| 035 | _aFRCYB10104004 | ||
| 040 |
_aFR-PaCSA _bfr _c _erda |
||
| 100 | 1 | _aDosquet, Frédéric | |
| 245 | 0 | 1 |
_aCréer du sens en marketing _c['Dosquet, Frédéric'] |
| 264 | 1 |
_bEMS Editions _c2005 |
|
| 300 | _a p. | ||
| 336 |
_btxt _2rdacontent |
||
| 337 |
_bc _2rdamdedia |
||
| 338 |
_bc _2rdacarrier |
||
| 650 | 0 | _a | |
| 700 | 0 | _aDosquet, Frédéric | |
| 856 | 4 | 0 |
_2Cyberlibris _uhttps://international.scholarvox.com/netsen/book/10104004 _qtext/html _a |
| 520 | _aEt si le marketing, ce n'était finalement que de la création de sens Au-delà des études, des concepts, des techniques, cet ouvrage revient sur les fondamentaux de cette discipline, passionnante mais complexe à la fois. Passionnante car elle permet de donner du sens et donc vie à des objets (produits, marques, individus), qui sans ce travail sémiologique, n'aurait probablement jamais perduré voire existé socialement ; mais aussi complexe car donner du sens à des objets nécessite l'application stricte de règles de sens. Ce livre s'adresse donc aux futurs et actuels gestionnaires de sens (les marketers, les publicitaires et les consultants) et à celles et à ceux qui l'enseignent. Le lecteur y trouvera l'exposition d'un outil pratique de gestion du sens (" Le Sablier Marketing "), mais aussi des conseils de lecture, des anecdotes et surtout plus d'une centaine d'exemples pratiques. | ||
| 999 |
_c1554406 _d1554406 |
||